Fossil Matter in the Geosphere

The first volume in this new text book series covers comprehensively relevant aspects related to the appearance and characterisation of fossil matter in the geosphere such as kerogen, oil, shales and coals. As organic geochemistry is a modern scientific subject characterized by a high transdisciplin...

Full description

Bibliographic Details
Main Authors: Schwarzbauer, Jan (Author), Jovančićević, Branimir (Author)
Corporate Author: SpringerLink (Online service)
Format: Electronic eBook
Language:English
Published: Cham : Springer International Publishing : Imprint: Springer, 2015.
Series:Fundamentals in Organic Geochemistry,
Subjects:
Online Access:Full Text via HEAL-Link
LEADER 02680nam a22005055i 4500
001 978-3-319-11938-0
003 DE-He213
005 20151103122005.0
007 cr nn 008mamaa
008 150512s2015 gw | s |||| 0|eng d
020 |a 9783319119380  |9 978-3-319-11938-0 
024 7 |a 10.1007/978-3-319-11938-0  |2 doi 
040 |d GrThAP 
050 4 |a GE1-350 
072 7 |a RNP  |2 bicssc 
072 7 |a SCI026000  |2 bisacsh 
072 7 |a SCI013000  |2 bisacsh 
082 0 4 |a 577.14  |2 23 
100 1 |a Schwarzbauer, Jan.  |e author. 
245 1 0 |a Fossil Matter in the Geosphere  |h [electronic resource] /  |c by Jan Schwarzbauer, Branimir Jovančićević. 
264 1 |a Cham :  |b Springer International Publishing :  |b Imprint: Springer,  |c 2015. 
300 |a VIII, 158 p. 68 illus., 21 illus. in color.  |b online resource. 
336 |a text  |b txt  |2 rdacontent 
337 |a computer  |b c  |2 rdamedia 
338 |a online resource  |b cr  |2 rdacarrier 
347 |a text file  |b PDF  |2 rda 
490 1 |a Fundamentals in Organic Geochemistry,  |x 2199-8647 
505 0 |a 1. Origin and transformations of organic matter in  geosphere -- 2. Main types of organic matter in geosphere -- 3. Minerals in sediments and their impact on the changes of organic substances in geosphere -- 4. Coals -- 5. Oil shales. 
520 |a The first volume in this new text book series covers comprehensively relevant aspects related to the appearance and characterisation of fossil matter in the geosphere such as kerogen, oil, shales and coals. As organic geochemistry is a modern scientific subject characterized by a high transdisciplinarity and located at the edge of chemistry, environmental sciences, geology and biology, there clearly is a need for a flexible offer of appropriate academic teaching material on an undergraduated level addressed to the variety of students coming originally from different study disciplines. For such a flexible usage this textbook series' consists of different volumes with clear defined aspects and with manageable length. 
650 0 |a Environment. 
650 0 |a Geochemistry. 
650 0 |a Geobiology. 
650 0 |a Environmental chemistry. 
650 1 4 |a Environment. 
650 2 4 |a Environmental Chemistry. 
650 2 4 |a Geochemistry. 
650 2 4 |a Biogeosciences. 
700 1 |a Jovančićević, Branimir.  |e author. 
710 2 |a SpringerLink (Online service) 
773 0 |t Springer eBooks 
776 0 8 |i Printed edition:  |z 9783319115528 
830 0 |a Fundamentals in Organic Geochemistry,  |x 2199-8647 
856 4 0 |u http://dx.doi.org/10.1007/978-3-319-11938-0  |z Full Text via HEAL-Link 
912 |a ZDB-2-EES 
950 |a Earth and Environmental Science (Springer-11646)